00817nam a2200217Ia 4500008004100000020001800041050002500059100001900084245008200103250001200185260004500197300002900242500005100271521000900322650005800331650002300389650003700412942001200449999001700461952012100478140321s9999 xx 000 0 und d a9789814352840 aHD 30.28b.M644 2012 aMonk, Ellen F. aConcepts in enterprise resource planning /cEllen F. Monk and Bret J. Wagner. a3rd ed. aPhilippines :bCengage Learning,cc2012. a550 p. :bill. ;c23 cm. aIncludes bibliographical references and index. aBSBA aBusiness enterprisesxComputer networks --Management. aBusiness planning. aInformation resource management. kLOCcBK c48426d48426 00102lcc40aCLbCLcGSLd2014-03-21eDONATIONl0oHD 30.28 .M644 2012pC17709r2017-03-14 00:00:00w2014-03-21yBK